<?xml version="1.0" encoding="UTF-8"?><?xml-stylesheet type="text/xsl" href="static/style.xsl"?><OAI-PMH xmlns="http://www.openarchives.org/OAI/2.0/" xmlns:xsi="http://www.w3.org/2001/XMLSchema-instance" xsi:schemaLocation="http://www.openarchives.org/OAI/2.0/ http://www.openarchives.org/OAI/2.0/OAI-PMH.xsd"><responseDate>2026-04-30T05:16:17Z</responseDate><request verb="GetRecord" identifier="oai:uvadoc.uva.es:10324/17246" metadataPrefix="marc">https://uvadoc.uva.es/oai/request</request><GetRecord><record><header><identifier>oai:uvadoc.uva.es:10324/17246</identifier><datestamp>2021-06-30T08:11:47Z</datestamp><setSpec>com_10324_5343</setSpec><setSpec>com_10324_5186</setSpec><setSpec>com_10324_29291</setSpec><setSpec>col_10324_5345</setSpec></header><metadata><record xmlns="http://www.loc.gov/MARC21/slim" xmlns:doc="http://www.lyncode.com/xoai" xmlns:xsi="http://www.w3.org/2001/XMLSchema-instance" xmlns:dcterms="http://purl.org/dc/terms/" xsi:schemaLocation="http://www.loc.gov/MARC21/slim http://www.loc.gov/standards/marcxml/schema/MARC21slim.xsd">
<leader>00925njm 22002777a 4500</leader>
<datafield tag="042" ind1=" " ind2=" ">
<subfield code="a">dc</subfield>
</datafield>
<datafield tag="720" ind1=" " ind2=" ">
<subfield code="a">Pomar Amer, Miquel</subfield>
<subfield code="e">author</subfield>
</datafield>
<datafield tag="260" ind1=" " ind2=" ">
<subfield code="c">2012</subfield>
</datafield>
<datafield tag="520" ind1=" " ind2=" ">
<subfield code="a">In Maps for Lost Lovers (2004), Kaukab is the mother of a Pakistani family living in a close-knit community of an English town. Although she feels isolated in the British society due to her poor knowledge of English, she is presented as a dominant woman in her household. Nadeem Aslam introduces an ambivalent character that must confront opposite discourses in the aftermath of the murder of her in-law and his lover. The aim of this article is to show not only how Kaukab fulfils the category of the subaltern proposed by Spivak but also how she subverts it. For such purpose, the context and the role of the reader will be key aspects to define in which way the unspeakability of the subaltern can be challenged and still remain a subaltern.</subfield>
</datafield>
<datafield tag="520" ind1=" " ind2=" ">
<subfield code="a">En Maps for Lost Lovers (2004), Kaukab es la madre de una familia que vive en el seno de la cerrada comunidad pakistaní de una ciudad inglesa. Aunque se siente aislada de la sociedad británica debido a su escaso conocimiento del inglés, se presenta como una mujer dominante en su casa. Nadeem Aslam introduce un personaje ambivalente que debe encarar discursos opuestos después del asesinato de su cuñado y su amante. El propósito de este artículo es mostrar cómo Kaukab cumple con la categoría de subalterno propuesta por Spivak y cómo a la vez la subvierte. Por eso, el contexto y el papel del lector serán aspectos clave para definir cómo se puede cuestionar la incapacidad para hablar del subalterno y aun así, mantenerse en tal posición.</subfield>
</datafield>
<datafield tag="024" ind2=" " ind1="8">
<subfield code="a">ES: Revista de filología inglesa, 2012, N.33, pags.253-270</subfield>
</datafield>
<datafield tag="024" ind2=" " ind1="8">
<subfield code="a">0210-9689</subfield>
</datafield>
<datafield tag="024" ind2=" " ind1="8">
<subfield code="a">http://uvadoc.uva.es/handle/10324/17246</subfield>
</datafield>
<datafield tag="024" ind2=" " ind1="8">
<subfield code="a">253</subfield>
</datafield>
<datafield tag="024" ind2=" " ind1="8">
<subfield code="a">33</subfield>
</datafield>
<datafield tag="024" ind2=" " ind1="8">
<subfield code="a">270</subfield>
</datafield>
<datafield ind1=" " ind2=" " tag="653">
<subfield code="a">Filología Inglesa</subfield>
</datafield>
<datafield tag="245" ind1="0" ind2="0">
<subfield code="a">Kaukab in "Maps for lost lovers", by Nadeem Aslam: representing and subverting the unspeakability of the subaltern</subfield>
</datafield>
</record></metadata></record></GetRecord></OAI-PMH>